000 00761nam a2200241Ia 4500
003 OSt
005 20220930191820.0
006 a|||||r|||| 00| 0
007 ta
008 220926b |||||||| |||| 00| 0 eng d
024 _a9396
037 _cDissertations
040 _aCRL
_cCRL
_beng
041 _2eng
_aeng
100 _aChadha Promila
_9560552
110 _aUniversity of Delhi. Faculty of Medical Sciences. Department of Obstetrics and Gynaecology
245 0 _aClinico - pathological study of women at menopause
260 _c1962
650 _aWOMEN - DISEASES
700 _aUniversity of Delhi. Faculty of Medical Sciences. Department of Obstetrics and Gynaecology
942 _cDIS
_2CC
999 _c894409
_d894409